| 000 | 00380nam a2200145Ia 4500 | ||
|---|---|---|---|
| 008 | 150201s2003 xx 000 0 und d | ||
| 082 |
_a615.321 _bE2003S |
||
| 100 | _aSHARMA,V.N. | ||
| 245 | _aESSENTIALS OF PHARMACOLOGY | ||
| 250 | _a2ND | ||
| 260 |
_bC.B.S PUBLISHERS & DISTRIBUTERS _aDARYAGANJ(NEW DELHI) _c2003 |
||
| 300 | _a1-485 | ||
| 650 | _aPHARMACOLOGY | ||
| 942 |
_2ddc _cBK |
||
| 999 |
_c2666 _d2666 |
||